Kulliyat-e-khutbat-e-Sir Sayed (Record no. 1434505)

MARC details
000 -LEADER
fixed length control field 00925nam a22002657a 4500
005 - DATE AND TIME OF LATEST TRANSACTION
control field 20250804143227.0
008 - FIXED-LENGTH DATA ELEMENTS--GENERAL INFORMATION
fixed length control field 250804b |||||||| |||| 00| 0 eng d
020 ## - INTERNATIONAL STANDARD BOOK NUMBER
International Standard Book Number 978-81-9479880-1-9 (hbk)
037 ## - SOURCE OF ACQUISITION
Terms of availability RR
040 ## - CATALOGING SOURCE
Original cataloging agency CRL
Transcribing agency CRL
041 ## - LANGUAGE CODE
Source of code URD
Language code of text/sound track or separate title URD
084 ## - COLON CLASSIFICATION NUMBER
Classification number O168,6M17x R3.1-.3
Item number CRL
245 ## - TITLE STATEMENT
Title Kulliyat-e-khutbat-e-Sir Sayed
260 ## - PUBLICATION, DISTRIBUTION, ETC.
Place of publication, distribution, etc. Lucknow, India:
Name of publisher, distributor, etc. Extra Ordinary life media,
Date of publication, distribution, etc. 2022.
300 ## - PHYSICAL DESCRIPTION
Extent 462p. (Vol.1)
300 ## - PHYSICAL DESCRIPTION
Extent 462p. (Vol.2)
300 ## - PHYSICAL DESCRIPTION
Extent 462p. (Vol.3)
365 ## - TRADE PRICE
Price amount 2000.00
Currency code INR
440 ## - SERIES STATEMENT/ADDED ENTRY--TITLE
Volume/sequential designation Vol.1-3
650 ## - SUBJECT ADDED ENTRY--TOPICAL TERM
Topical term or geographic name entry element Urdu Literature
650 ## - SUBJECT ADDED ENTRY--TOPICAL TERM
Topical term or geographic name entry element Urdu Prose
9 (RLIN) 26866
700 ## - ADDED ENTRY--PERSONAL NAME
Personal name Ata Khursheed
Relator term Compiler
9 (RLIN) 817165
942 ## - ADDED ENTRY ELEMENTS (KOHA)
Source of classification or shelving scheme Colon Classification (CC)
Koha item type Reference
Classification part O168,6M17x R3.1-.3
Suppress in OPAC No
Holdings
Withdrawn status Lost status Source of classification or shelving scheme Damaged status Not for loan Home library Current library Date acquired Source of acquisition Cost, normal purchase price Serial Enumeration / chronology Inventory number Total Checkouts Full call number Barcode Date last seen Price effective from Koha item type
    Colon Classification (CC)     Central Library Central Library 2025-08-04 M.R.Publications 2000.00 Vol.1 3345 & 28.02.2025   O168,6M17x R3.1 CL1923199 2025-08-04 2025-08-04 Reference
    Colon Classification (CC)     Central Library Central Library 2025-08-04 M.R.Publications 2000.00 Vol.2 3345 & 28.02.2025   O168,6M17x R3.2 CL1923200 2025-08-04 2025-08-04 Reference
    Colon Classification (CC)     Central Library Central Library 2025-08-04 M.R.Publications 2000.00 Vol.3 3345 & 28.02.2025   O168,6M17x R3.3 CL1923201 2025-08-04 2025-08-04 Reference
Copyright @ Delhi University Library System